El príncipe
Gorde:
| Egile nagusia: | |
|---|---|
| Formatua: | Liburua |
| Hizkuntza: | Undetermined |
| Argitaratua: |
San José, Costa Rica
Editorial Universitaria Centroamericana
1996
|
| Gaiak: | |
| Etiketak: |
Etiketa erantsi
Etiketarik gabe, Izan zaitez lehena erregistro honi etiketa jartzen!
|
MARC
| LEADER | 00000nam a2200000Ia 4500 | ||
|---|---|---|---|
| 008 | 170316s9999 xx 000 0 und d | ||
| 090 | |a 100 M-9p | ||
| 100 | |a Maquiavelo, Nicolás | ||
| 245 | |a El príncipe | ||
| 260 | |a San José, Costa Rica | ||
| 260 | |b Editorial Universitaria Centroamericana | ||
| 260 | |c 1996 | ||
| 300 | |a 179 páginas | ||
| 650 | |a FILOSOFÍA | ||
| 650 | |a NICOLÁS MAQUIAVELO - MAGNIFICO LORENZO DE MEDICIS | ||
| 650 | |a DARIO | ||
| 040 | |a cru BVZT | ||
| 942 | 0 | 0 | |0 3 |
| 999 | |c 17136 |d 17136 | ||
